000 00840nam a2200265Ia 4500
003 OSt
005 20220926011347.0
006 a|||||r|||| 00| 0
007 ta
008 220923b |||||||| |||| 00| 0 eng d
020 _a0691056641
037 _cGeneral Book
040 _aRTL
_cRTL
_beng
041 _2eng
_aeng
082 _aV1.N7, L7
100 _aSnyder Glenn H
245 0 _aConflict among nations
_b Bargaining decision making ,and System Structure in International Crises
260 _aNew Jersey
_bPrinceton University Press U. S. A.
_c1977
300 _axiv, 578p.
_ccm.
500 _aGlossary:P.xv; Appendix:P.-531-70; Index:P.571-78
650 _aHistory-World
_9238247
700 _a Diesing Paul
942 _hV1.N7, L7
_cGB
_2CC
999 _c619866
_d619866